000 00572nam a2200181 a 4500
001 000031893
005 20200930063249.0
008 110707s1957 dr 000 0 spa d
040 _aDO-SdBNP
_bspa
_cBNPHU
082 _axxx
_bL866s
100 1 _aLord Varney, Harold
_958089
245 1 0 _aSeñales de peligro en el caribe:.
260 _a[s.n],
_c1957.
300 _a27 p. ;
_c142.
500 _a"reproducido de la revista American Mercury , edición octubre de 1956 y junio de k57.
563 _aDos obras publicadas juntas con paginación contínua.
049 _aBNPD
999 _c31384
_d31384